|
|
|
|
| LEADER |
01808nam a2200541 i 4500 |
| 001 |
nkc20172953687 |
| 003 |
CZ PrNK |
| 005 |
20180424185741.0 |
| 007 |
ta |
| 008 |
171107s2017 xr e 000 0 cze |
| 015 |
|
|
|a cnb002953687
|
| 020 |
|
|
|a 978-80-7211-520-4
|q (vázáno)
|
| 035 |
|
|
|a (OCoLC)1019662037
|
| 040 |
|
|
|a OLA001
|b cze
|e rda
|
| 043 |
|
|
|a e-xr---
|
| 045 |
|
|
|a y1y2
|
| 072 |
|
7 |
|a 343
|x Trestní právo
|2 Konspekt
|9 16
|
| 080 |
|
|
|a 614.253.5
|2 MRF
|
| 080 |
|
|
|a 343.3/.7
|2 MRF
|
| 080 |
|
|
|a 343.1
|2 MRF
|
| 080 |
|
|
|a (437.3)
|2 MRF
|
| 080 |
|
|
|a (0:82-96)
|2 MRF
|
| 100 |
1 |
|
|a Emmerová, Milada,
|d 1944-
|7 jn19981000977
|4 aut
|
| 245 |
1 |
0 |
|a Případ Sestra smrt /
|c Milada Emmerová
|
| 250 |
|
|
|a První vydání
|
| 264 |
|
1 |
|a Plzeň :
|b Nava,
|c 2017
|
| 300 |
|
|
|a 203 stran ;
|c 23 cm
|
| 336 |
|
|
|a text
|b txt
|2 rdacontent
|
| 337 |
|
|
|a bez média
|b n
|2 rdamedia
|
| 338 |
|
|
|a svazek
|b nc
|2 rdacarrier
|
| 500 |
|
|
|a Životopisná data
|
| 500 |
|
|
|a Chronologický přehled
|
| 500 |
|
|
|a Terminologický slovník
|
| 648 |
|
7 |
|a 20.-21. století
|7 ch462155
|2 czenas
|
| 648 |
|
7 |
|a 2011-2020
|7 ch460589
|2 czenas
|
| 650 |
0 |
7 |
|a zdravotní sestry
|7 ph137872
|z Česko
|y 20.-21. století
|2 czenas
|
| 650 |
0 |
7 |
|a soudní procesy
|7 ph125856
|z Česko
|y 2011-2020
|2 czenas
|
| 650 |
0 |
7 |
|a kriminální případy
|7 ph121958
|z Česko
|y 2011-2020
|2 czenas
|
| 650 |
0 |
9 |
|a nurses
|z Czechia
|y 20th-21st centuries
|2 eczenas
|
| 650 |
0 |
9 |
|a trials
|z Czechia
|y 2011-2020
|2 eczenas
|
| 650 |
0 |
9 |
|a criminal cases
|z Czechia
|y 2011-2020
|2 eczenas
|
| 655 |
|
7 |
|a literatura faktu
|7 fd132773
|2 czenas
|
| 655 |
|
9 |
|a non-fiction
|2 eczenas
|
| 910 |
2 |
|
|a BOA001
|b 2-1398.631
|
| 990 |
|
|
|a BK
|
| 995 |
|
|
|a 01
|
| 991 |
|
|
|b 201712
|c NOV
|
| 996 |
6 |
|
|b 2610727226
|c 2-1398.631
|l MZK
|r Sklad / do 1 hodiny
|n 0
|p p.v.
|w 001642508
|u 000010
|a 1
|e BOA001
|j MZK50
|s P
|